[Event "URU-chTA"]
[Site "Uruguay"]
[Date "2017.07.08"]
[Round "4.2"]
[White "Castro, Cesar"]
[Black "Iduate, Guillermo"]
[Result "1-0"]
[WhiteElo "2079"]
[BlackElo "1727"]
[PlyCount "45"]
[EventDate "2017.07.07"]
[EventType "team-swiss"]
[EventRounds "5"]
[EventCountry "URU"]
[SourceTitle "EXT 2018"]
[Source "ChessBase"]
[SourceDate "2017.10.13"]
[SourceVersion "1"]
[SourceVersionDate "2017.10.13"]
[SourceQuality "1"]
[WhiteTeam "Casa de Cultura Minas"]
[BlackTeam "San Jose"]
[WhiteTeamCountry "URU"]
[BlackTeamCountry "URU"]

1. e4 c5 2. Nf3 Nc6 3. Nc3 d6 4. d4 cxd4 5. Nxd4 Qb6 6. Nb3 g6 7. Be3 Qc7 8. Bb5 Bd7 9. 0-0 Bg7 10. Nd5 Qb8 11. Qc1 Nf6 12. Bh6 0-0 13. Bxc6 bxc6 14. Nxe7+ Kh8 15. Bxg7+ Kxg7 16. Nf5+ gxf5 17. Qg5+ Kh8 18. Qxf6+ Kg8 19. Rfe1 f4 20. Rad1 Be6 21. Qxf4 d5 22. Qg5+ Kh8 23. Qf6+ 1-0

[Event "Montevideo zt 2.5"]
[Site "Montevideo"]
[Date "2013.04.25"]
[Round "9"]
[White "Augoustis Funti, Alexis"]
[Black "Iduate, Guillermo"]
[Result "1/2-1/2"]
[WhiteElo "1948"]
[BlackElo "1855"]
[PlyCount "103"]
[EventDate "2013.04.19"]
[EventType "swiss"]
[EventRounds "9"]
[EventCountry "URU"]
[SourceTitle "CBM 154 Extra"]
[Source "ChessBase"]
[SourceDate "2013.06.25"]
[SourceVersion "2"]
[SourceVersionDate "2013.06.25"]
[SourceQuality "1"]

1. e4 c5 2. d4 cxd4 3. c3 Nc6 4. cxd4 Nf6 5. Nc3 e6 6. e5 Ng8 7. Nf3 Bb4 8. Bd3 Nge7 9. a3 Bxc3+ 10. bxc3 d5 11. 0-0 0-0 12. Qc2 h6 13. Nh4 Bd7 14. Bd2 Rc8 15. Qd1 Na5 16. Rb1 Rc7 17. Qg4 Kh8 18. Qh5 Ng8 19. Ng6+ fxg6 20. Qxg6 Rf5 21. Bxf5 exf5 22. e6 Ne7 23. Qh5 Be8 24. Qh3 Kh7 25. g4 fxg4 26. Qxg4 Bg6 27. Rb5 b6 28. f4 Bd3 29. Rf3 Bxb5 30. Rg3 Qf8 31. f5 Qf6 32. Bf4 Rxc3 33. Rxc3 Qxd4+ 34. Re3 Nc4 35. f6 Ng6 36. fxg7 Nxe3 37. g8Q+ Kxg8 38. Qxg6+ Qg7 39. Qxg7+ Kxg7 40. Bxe3 Kf6 41. Bxh6 Kxe6 42. Bf4 Bd3 43. Kf2 d4 44. Bb8 a6 45. Ba7 Kd5 46. Bxb6 Kc4 47. Ke1 Kc3 48. Kd1 Bc2+ 49. Kc1 Bf5 50. h4 d3 51. Ba5+ Kd4 52. Kd2 1/2-1/2

[Event "Montevideo zt 2.5"]
[Site "Montevideo"]
[Date "2013.04.22"]
[Round "5"]
[White "Iduate, Guillermo"]
[Black "Solari, Pablo"]
[Result "0-1"]
[WhiteElo "1855"]
[BlackElo "1703"]
[PlyCount "76"]
[EventDate "2013.04.19"]
[EventType "swiss"]
[EventRounds "9"]
[EventCountry "URU"]
[SourceTitle "CBM 154 Extra"]
[Source "ChessBase"]
[SourceDate "2013.06.25"]
[SourceVersion "2"]
[SourceVersionDate "2013.06.25"]
[SourceQuality "1"]

1. e4 e5 2. Nf3 Nf6 3. Nc3 Bb4 4. Nd5 Nxd5 5. exd5 d6 6. c3 Ba5 7. h3 Bb6 8. Bd3 Nd7 9. Bc2 Nf6 10. d4 exd4 11. Nxd4 Qe7+ 12. Ne2 Ne4 13. 0-0 Qh4 14. Nd4 0-0 15. Qf3 Bxd4 16. cxd4 f5 17. Be3 Bd7 18. Bd3 Rae8 19. Rac1 c6 20. Rc2 cxd5 21. Bf4 Qf6 22. Qh5 Bc6 23. f3 Qxd4+ 24. Kh2 Qxd3 25. Rfc1 Nf6 26. Qg5 Rd8 27. Rd2 Qa6 28. Re1 Rf7 29. Rde2 d4 30. Qxf5 Qb5 31. Qb1 Nd5 32. Bd2 Ne3 33. Bxe3 dxe3 34. Rxe3 Rdf8 35. b3 Qf5 36. Qd1 d5 37. Qd4 Qf4+ 38. Qxf4 Rxf4 0-1

[Event "Latin Cup"]
[Site "Montevideo"]
[Date "2011.11.07"]
[Round "8"]
[White "Iduate, Guillermo"]
[Black "Meyer, Ewald"]
[Result "0-1"]
[WhiteElo "1870"]
[BlackElo "2060"]
[PlyCount "34"]
[EventDate "2011.11.01"]
[EventType "swiss"]
[EventRounds "9"]
[EventCountry "URU"]
[SourceTitle "EXT 2012"]
[Source "ChessBase"]
[SourceDate "2011.11.24"]
[SourceVersion "1"]
[SourceVersionDate "2011.11.24"]
[SourceQuality "1"]

1. e4 e6 2. d4 d5 3. exd5 exd5 4. Bd3 Nf6 5. Bg5 Be7 6. Nf3 c5 7. c3 0-0 8. dxc5 Bxc5 9. 0-0 Bg4 10. Nbd2 Qd6 11. Qc2 Nbd7 12. Rfe1 Bb6 13. Bf5 Rfe8 14. Bh4 Qf4 15. Bxg4 Qxg4 16. h3 Qf4 17. Bg3 Qxg3 0-1